Fiber properties and density of four different species of Hevea wood (Record no. 47895)

MARC details
000 -LEADER
fixed length control field 00483nam a2200181Ia 4500
100 ## - MAIN ENTRY--AUTHOR NAME
Personal name Mohd Hamani S
245 #0 - TITLE STATEMENT
Title Fiber properties and density of four different species of Hevea wood
260 ## - PUBLICATION, DISTRIBUTION, ETC. (IMPRINT)
Name of publisher IAWA Journal
Year of publication 2002
300 ## - PHYSICAL DESCRIPTION
Number of Pages 475
500 ## - GENERAL NOTE
General note CAB CD 2002/08-2003/10
650 ## - SUBJECT ADDED ENTRY--TOPICAL TERM
Topical Term Wood anatomy
650 ## - SUBJECT ADDED ENTRY--TOPICAL TERM
Topical Term Wood density
700 ## - ADDED ENTRY--PERSONAL NAME
Personal name Abdul Rashid H
700 ## - ADDED ENTRY--PERSONAL NAME
Personal name Ahmad Bahtir H B
700 ## - ADDED ENTRY--PERSONAL NAME
Personal name Zaidon A
942 ## - ADDED ENTRY ELEMENTS (KOHA)
Koha item type Bibliography RLWO
Holdings
Withdrawn status Lost status Damaged status Not for loan Home library Current library Date acquired Serial Enumeration / chronology Koha item type
      Bibliography RRII Library RRII Library 31/12/2021 Volume 23, Issue 4 Bibliography RLWO